LEADER 04113nam 22008055 450 001 9910765476403321 005 20260302125122.0 010 $a9783031462313 010 $a3031462319 024 7 $a10.1007/978-3-031-46231-3 035 $a(MiAaPQ)EBC30951822 035 $a(Au-PeEL)EBL30951822 035 $a(CKB)28863493800041 035 $a(DE-He213)978-3-031-46231-3 035 $a(EXLCZ)9928863493800041 100 $a20231116d2023 u| 0 101 0 $aeng 135 $aurcnu|||||||| 181 $ctxt$2rdacontent 182 $cc$2rdamedia 183 $acr$2rdacarrier 200 10$aExploring the Criminal Decision Process $eRational Choice, Irrational Behaviour? /$fby Rachael Steele 205 $a1st ed. 2023. 210 1$aCham :$cSpringer International Publishing :$cImprint: Palgrave Macmillan,$d2023. 215 $a1 online resource (241 pages) 225 1 $aPalgrave Studies in Risk, Crime and Society,$x2946-2525 311 08$aPrint version: Steele, Rachael Exploring the Criminal Decision Process Cham : Springer International Publishing AG,c2023 9783031462306 327 $a1. What this book is about -- 2. What has the Rational Choice Perspective told us about crime -- 3. Critique and Methodological issues -- 4. The importance of understanding thinking -- 5. Other Challenges to Consider -- 6. Exploring experiences of crime -- 7. The lived experience of crime- In their own words -- 8. Rewards, Benefits and goals -- 9. Violent and emotional offending -- 10. Mixed up rationalities -- 11. Confounding factors and decision enhancers -- 12. Putting it all together -- 13. Developing a model to fit the data -- 14. Reflections and thought. 330 $aThe book provides a thorough investigation and overview of the decision making process that individuals may (or may not) go through when proceeding to commit a crime. Drawing on interviews with real offenders and conducted in a novel way, this book includes quotes throughout which make their decision making and emotional processes relatable to the reader. It examines a range of offences from petty theft to murder and includes both male and female offenders. Based on various iterations of the rational choice theories of crime, this book examines the relevance of these theories in real offending situations and the influence of emotion and context on these decisions. Finally, it explores how understanding the decision making process of committing offences can inform criminal justice practice. Rachael Steele is Senior Lecturer in Forensic Psychology and Criminal Justice and the interim subject lead for Criminal Justice at Liverpool John Moores University, UK. 410 0$aPalgrave Studies in Risk, Crime and Society,$x2946-2525 606 $aCriminal behavior 606 $aCriminology 606 $aForensic psychology 606 $aCritical criminology 606 $aCriminal Behavior 606 $aCrime Control and Security 606 $aCriminology Theory 606 $aForensic Psychology 606 $aCritical Criminology 606 $aPsicologia criminal$2thub 606 $aConducta criminal$2thub 606 $aEmocions$2thub 606 $aPresa de decisions$2thub 606 $aPsicologia forense$2thub 606 $aCriminologia$2thub 608 $aLlibres electrònics$2thub 615 0$aCriminal behavior. 615 0$aCriminology. 615 0$aForensic psychology. 615 0$aCritical criminology. 615 14$aCriminal Behavior. 615 24$aCrime Control and Security. 615 24$aCriminology Theory. 615 24$aForensic Psychology. 615 24$aCritical Criminology. 615 7$aPsicologia criminal 615 7$aConducta criminal 615 7$aEmocions 615 7$aPresa de decisions 615 7$aPsicologia forense 615 7$aCriminologia 676 $a364.3 700 $aSteele$b Rachael$01448776 801 0$bMiAaPQ 801 1$bMiAaPQ 801 2$bMiAaPQ 906 $aBOOK 912 $a9910765476403321 996 $aExploring the Criminal Decision Process$93644634 997 $aUNINA